ALL Cities in Kentucky - Statistics

General Stats
  • This quiz has been taken 89 times
  • The average score is 69 of 419
Answer Stats
Hint Answer % Correct
L Louisville
93%
L Lexington
92%
B Bowling Green
85%
F Frankfort
85%
R Richmond
63%
C Covington
61%
P Paducah
61%
P Pikeville
61%
L London
59%
A Ashland
58%
E Elizabethtown
58%
O Owensboro
58%
P Paris
58%
B Bardstown
53%
G Georgetown
53%
D Danville
49%
B Berea
47%
F Florence
47%
M Mount Washington
46%
S Somerset
46%
H Hopkinsville
44%
J Jackson
44%
M Murray
44%
S Shelbyville
44%
C Corbin
42%
F Franklin
42%
N Nicholasville
42%
C Campbellsville
41%
G Glasgow
41%
P Paintsville
41%
S Springfield
41%
C Columbia
39%
H Hazard
39%
H Henderson
39%
B Brandenburg
37%
M Maysville
37%
N Newport
37%
W Winchester
37%
A Alexandria
36%
L Lawrenceburg
36%
R Russell
36%
S Scottsville
36%
S Shepherdsville
36%
V Versailles
36%
C Cave City
34%
J Jeffersontown
34%
L La Grange
34%
L Lebanon
34%
R Radcliff
34%
U Union
34%
B Beaver Dam
32%
G Grayson
32%
G Greenup
32%
H Horse Cave
32%
L Liberty
32%
M Mayfield
32%
T Taylorsville
32%
B Benton
31%
C Cadiz
31%
C Central City
31%
C Clay
31%
C Clinton
31%
G Greenville
31%
H Hardin
31%
H Harlan
31%
L Leitchfield
31%
M Madisonville
31%
M Mount Vernon
31%
P Princeton
31%
S St. Matthews
31%
B Barbourville
29%
B Brownsville
29%
I Irvine
29%
W Williamsburg
29%
A Albany
27%
C Carrollton
27%
L Lancaster
27%
R Russell Springs
27%
A Anchorage
25%
C Cynthiana
25%
H Harrodsburg
25%
H Hickman
25%
I Independence
25%
I Inez
25%
M Middlesboro
25%
M Middletown
25%
M Mount Sterling
25%
O Owenton
25%
P Pineville
25%
A Augusta
24%
B Beattyville
24%
B Booneville
24%
C Cumberland
24%
E Erlanger
24%
F Flemingsburg
24%
J Jamestown
24%
L Louisa
24%
M Monticello
24%
M Morgantown
24%
P Perryville
24%
P Prestonsburg
24%
S Simpsonville
24%
S Smiths Grove
24%
W West Liberty
24%
A Allen
22%
C Calhoun
22%
C Columbus
22%
C Crab Orchard
22%
C Crestwood
22%
F Fulton
22%
H Hardinsburg
22%
H Hartford
22%
M Martin
22%
M Midway
22%
M Munfordville
22%
R Russellville
22%
A Auburn
20%
B Bedford
20%
C Caneyville
20%
E Edmonton
20%
F Fort Thomas
20%
G Greensburg
20%
H Hodgenville
20%
L Livingston
20%
M Manchester
20%
M Marion
20%
U Upton
20%
W West Point
20%
B Bardwell
19%
C Campton
19%
C Catlettsburg
19%
D Dayton
19%
E Eddyville
19%
E Ekron
19%
H Hillview
19%
I Irvington
19%
J Jeffersonville
19%
P Prospect
19%
W Walton
19%
W Williamstown
19%
A Adairville
17%
A Arlington
17%
B Bloomfield
17%
C Crittenden
17%
D Dixon
17%
D Dry Ridge
17%
E Elkton
17%
F Fort Mitchell
17%
G Goshen
17%
H Hawesville
17%
H Highland Heights
17%
L Lyndon
17%
S Salem
17%
S Sonora
17%
T Tompkinsville
17%
V Vine Grove
17%
W Warsaw
17%
W Wilmore
17%
B Bremen
15%
B Burnside
15%
F Falmouth
15%
F Flatwoods
15%
L Lebanon Junction
15%
L Lewisburg
15%
M Muldraugh
15%
O Oakland
15%
S Sparta
15%
S Stanford
15%
S Stanton
15%
W Whitesville
15%
B Bellevue
14%
C Calvert City
14%
C Carlisle
14%
C Clay City
14%
C Corydon
14%
D Dawson Springs
14%
G Germantown
14%
H Hazel
14%
J Jenkins
14%
M McKee
14%
N New Haven
14%
O Oak Grove
14%
O Olive Hill
14%
O Owingsville
14%
R Ravenna
14%
S Sandy Hook
14%
S South Shore
14%
W Whitesburg
14%
W Wickliffe
14%
A Audubon Park
12%
B Barlow
12%
B Brodhead
12%
B Buckhorn
12%
B Burgin
12%
B Burkesville
12%
C Clarkson
12%
C Cloverport
12%
C Crestview
12%
D Dover
12%
E Ewing
12%
F Frenchburg
12%
H Hindman
12%
H Hyden
12%
K Keene
12%
L LaCenter
12%
L LaFayette
12%
L Lynch
12%
M Millersburg
12%
S Sacramento
12%
S Salt Lick
12%
S Science Hill
12%
W Worthington
12%
B Bancroft
10%
B Barbourmeade
10%
B Bellefonte
10%
B Benham
10%
B Blandville
10%
B Blue Ridge Manor
10%
B Butler
10%
C California
10%
C Campbellsburg
10%
C Crestview Hills
10%
C Crofton
10%
E Eminence
10%
E Eubank
10%
F Fairfield
10%
F Fairview
10%
G Ghent
10%
H Hurstbourne
10%
H Hustonville
10%
I Indian Hills
10%
J Junction City
10%
L Lewisport
10%
L Livermore
10%
M Morganfield
10%
N New Castle
10%
S Salyersville
10%
S Shivley
10%
S Smithfield
10%
S Smithland
10%
T Trenton
10%
U Uniontown
10%
V Vanceburg
10%
W Wingo
10%
W Woodburn
10%
B Bellemeade
8%
B Berry
8%
B Blaine
8%
B Briarwood
8%
B Brooksville
8%
B Brownsboro Farm
8%
C Camargo
8%
C Cambridge
8%
C Centertown
8%
C Cold Spring
8%
C Corinth
8%
D Douglass Hills
8%
E Earlington
8%
E Elkhorn City
8%
E Evarts
8%
F Fincastle
8%
F Fleming-Neon
8%
I Island
8%
K Kevil
8%
L Loretto
8%
M Mackville
8%
N Nortonville
8%
P Park City
8%
P Park Hills
8%
P Pembroke
8%
P Providence
8%
S Sadieville
8%
S Sanders
8%
S Stamping Ground
8%
S St. Charles
8%
T Taylor Mill
8%
W Willisburg
8%
W Wurtland
8%
B Beechwood Village
7%
B Blackey
7%
B Bradfordsville
7%
B Bromley
7%
B Brownsboro Village
7%
C Coal Run Village
7%
C Coldstream
7%
C Concord
7%
C Creekside
7%
C Crescent Springs
7%
D Drakesboro
7%
D Druid Hills
7%
E Edgewood
7%
E Elsmere
7%
F Fort Wright
7%
F Fox Chase
7%
G Glencoe
7%
G Glenview
7%
G Green Spring
7%
G Guthrie
7%
H Hanson
7%
H Heritage Creek
7%
H Hollow Creek
7%
H Hollyvilla
7%
L Lakeside Park
7%
L Langdon Place
7%
L Ludlow
7%
L Lynnview
7%
M Moorhead
7%
M Mortons Gap
7%
P Pippa Passes
7%
R Raceland
7%
R Rockport
7%
S Sebree
7%
S Sharpsburg
7%
S Slaughters
7%
S South Park View
7%
S Sturgis
7%
V Villa Hills
7%
W White Plains
7%
W Wilder
7%
W Windy Hills
7%
W Woodlawn
7%
W Worthington Hills
7%
B Bellewood
5%
B Broeck Pointe
5%
F Forest Hills
5%
F Fountain Run
5%
F Fredonia
5%
G Goose Creek
5%
G Gratz
5%
G Graymoor-Devondale
5%
H Hebron Estates
5%
H Houston Acres
5%
H Hurstbourne Acres
5%
K Kenton Vale
5%
K Kuttawa
5%
L Lakeview Heights
5%
M Melbourne
5%
M Milton
5%
M Mockingbird Valley
5%
M Mount Olivet
5%
M Murray Hill
5%
N Northfield
5%
N North Middletown
5%
P Parkway Village
5%
P Pewee Valley
5%
P Plum Springs
5%
P Poplar Hills
5%
R River Bluff
5%
R Robards
5%
R Rochester
5%
S Seneca Gardens
5%
S Silver Grove
5%
S Southgate
5%
S Spring Valley
5%
S St. Mary
5%
S St. Regis Park
5%
V Vicco
5%
W Watterson Park
5%
W Waverly
5%
W Wellington
5%
W West Buechel
5%
W Westwood
5%
W Wheelwright
5%
W Wildwood
5%
W Worthville
5%
C Carrsville
3%
C Crossgate
3%
F Fordsville
3%
G Gamaliel
3%
G Glenview Hills
3%
G Glenview Manor
3%
G Grand Rivers
3%
H Hickory Hill
3%
H Hills and Dales
3%
H Hunters Hollow
3%
L Loyall
3%
M Manor Creek
3%
M McHenry
3%
M Meadowbrook Farm
3%
M Meadow Vale
3%
M Moorland
3%
N Nebo
3%
N Norwood
3%
O Orchard Grass Hills
3%
P Pioneer Village
3%
P Plantation
3%
P Pleasureville
3%
P Powderly
3%
R Raywick
3%
R Richlawn
3%
R Rolling Fields
3%
R Rolling Hills
3%
R Ryland Heights
3%
S Spring Mill
3%
S Sycamore
3%
W Wayland
3%
W Woodbury
3%
W Woodland Hills
3%
W Woodlawn Park
3%
L Lincolnshire
2%
M Maryhill Estates
2%
M Meadowview Estates
2%
M Mentor
2%
M Monterey
2%
N Norbourne Estates
2%
O Old Brownsboro Place
2%
P Prestonville
2%
R Riverwood
2%
S Sardis
2%
S South Carrollton
2%
S Strathmoor Manor
2%
S Strathmoor Village
2%
T Ten Broeck
2%
T Thornhill
2%
W Warfield
2%
W Wheatcroft
2%
B Boonieville
0%
F Fergusen
0%
K Kinglsey
0%
No matching quizzes found
Score Distribution
Percent of People with Each Score
Percentile by Number Answered
Your Score History
You have not taken this quiz